مكتبة فى وثيقة دراسة للمكتبة ونشر للوثيقة

Saved in:

Main Author: عبداللطيف ابراهيم.

Format: Book

Language: Undetermined

Published: Cairo dar wamatabie alshaeb

Tags: Add Tag

No Tags, Be the first to tag this record!

Call Number: N23 IBRA

LEADER 00413nam a2200121Ia 4500
008 240404s9999||||xx |||||||||||||| ||und||
050 4 |a N23 IBRA 
100 1 |a عبداللطيف ابراهيم. 
245 1 0 |a مكتبة فى وثيقة  |b دراسة للمكتبة ونشر للوثيقة  |c عبداللطيف ابراهيم 
264 1 |a Cairo  |b dar wamatabie alshaeb 
300 |a 62  |b Plates  |c 24 
942 |2 lcc  |c BK 
999 |c 57926  |d 57926